Cell motility: Book B Actin myosin and associated proteins (Record no. 30692)

MARC details
000 -LEADER
fixed length control field 00466nam a2200157Ia 4500
082 ## - DEWEY DECIMAL CLASSIFICATION NUMBER
Classification number 576.322
Item number GOL
245 #0 - TITLE STATEMENT
Title Cell motility: Book B Actin myosin and associated proteins
260 ## - PUBLICATION, DISTRIBUTION, ETC. (IMPRINT)
Place of publication USA
Name of publisher Cold spring harbour laboratory
Year of publication 1976
490 ## - SERIES STATEMENT
Series statement Cold spring harbour conferences on cell proliferation; v 3
650 ## - SUBJECT ADDED ENTRY--TOPICAL TERM
Topical Term Actin
650 ## - SUBJECT ADDED ENTRY--TOPICAL TERM
Topical Term Cell motility
650 ## - SUBJECT ADDED ENTRY--TOPICAL TERM
Topical Term Myosin
700 ## - ADDED ENTRY--PERSONAL NAME
Personal name GOLDMAN, R
942 ## - ADDED ENTRY ELEMENTS (KOHA)
Koha item type Books
Holdings
Withdrawn status Lost status Damaged status Not for loan Home library Current library Date acquired Full call number Accession Number Koha item type
        RRII Library RRII Library 16/12/2021 576.322 GOL 11263 Books